The influence of environment and genetics on pulpwood quality /

Bibliographic Details
Main Author: Weiner, Jack, 1910-
Other Authors: Mirkes, Kathleen
Format: Book
Language:English
Published: Appleton, Wisc. : Institute of Paper Chemistry, 1972.
Series:Bibliographic series (Institute of Paper Chemistry (Appleton, Wis.)) ; no. 224, suppl. 1.
Subjects:

MARC

Tag First Indicator Second Indicator Subfields
LEADER 00000cam a2200000 a 4500
001 in00000076896
005 20151008054958.0
008 761202s1972 wiu 00110 eng d
035 |a (OCoLC)02591211 
035 |9 AAJ2220AM 
040 |c DCP  |d TXA  |d UtOrBLW 
049 |a TXAM  |c [1481791], 2 [1325805] 
090 |a TS1176  |b .W34 Suppl. 1 
100 1 |a Weiner, Jack,  |d 1910- 
245 1 4 |a The influence of environment and genetics on pulpwood quality /  |c Supplement I / Jack Weiner and Kathleen Mirkes. 
264 1 |a Appleton, Wisc. :  |b Institute of Paper Chemistry,  |c 1972. 
300 |a 86 pages ;  |c 28 cm. 
336 |a text  |b txt  |2 rdacontent 
337 |a unmediated  |b n  |2 rdamedia 
338 |a volume  |b nc  |2 rdacarrier 
490 1 |a Bibliographic series / Institute of Paper Chemistry ;  |v no. 224, Suppl. 1 
650 0 |a Wood-pulp  |x Bibliography. 
650 0 |a Wood-pulp industry  |x Bibliography. 
700 1 |a Mirkes, Kathleen. 
830 0 |a Bibliographic series (Institute of Paper Chemistry (Appleton, Wis.)) ;  |v no. 224, suppl. 1. 
999 |a MARS 
999 f f |s f3acd2ef-dbfd-3680-921f-20017bd77029  |i 803eee16-580b-3b27-93d1-44976d9569f0  |t 0 
952 f f |p ric  |a Texas A&M University  |b Rellis Campus  |c Joint Library Facility  |d Remote Storage  |t 0  |e TS1176 .W34 Suppl. 1  |h Library of Congress classification  |i unmediated -- volume  |m A14806473004 
998 f f |a TS1176 .W34 Suppl. 1  |t 0  |l Remote Storage